Lyrics Hypotheticals Fran Vasilic - Statistics

General Stats
  • This quiz has been taken 4 times
  • The average score is 372 of 382
Answer Stats
Answer % Correct
a
100%
(A
100%
alright?"
100%
And
100%
and
100%
are
100%
Are
100%
back
100%
be
100%
became
100%
been?"
100%
being
100%
believed
100%
better
100%
But
100%
but
100%
can't
100%
cash
100%
'cause
100%
changed
100%
choosing
100%
compliments
100%
confused
100%
conversation
100%
could
100%
create
100%
crybaby
100%
cut
100%
'd
100%
day
100%
didn't
100%
died
100%
everything
100%
exhausting
100%
fans
100%
first
100%
for
100%
friends
100%
fucking
100%
gave
100%
got
100%
had
100%
hair
100%
happening?
100%
have
100%
here
100%
"Hey"
100%
"Hi"
100%
"How
100%
hypotheticals
100%
I
100%
if
100%
I'm
100%
in
100%
"Is
100%
is,
100%
is
100%
it
100%
It's
100%
just
100%
land
100%
leaving?
100%
life
100%
look
100%
love
100%
made
100%
Maybe
100%
me
100%
me?
100%
me .....
100%
meaning
100%
meaningless
100%
message
100%
more
100%
mustache
100%
my
100%
new
100%
nice"
100%
nice
100%
no
100%
not
100%
Now
100%
of
100%
off
100%
on
100%
or
100%
please
100%
Please
100%
problems
100%
promised
100%
purpose
100%
real
100%
really
100%
say
100%
Say
100%
see
100%
So
100%
so
100%
some
100%
something
100%
spent
100%
staying
100%
stop
100%
such
100%
talk
100%
than
100%
that
100%
the
100%
them
100%
then?
100%
Then
100%
therapist
100%
There
100%
there
100%
those
100%
time
100%
tired
100%
to
100%
too
100%
tragically
100%
Tragically
100%
Truthfully
100%
try
100%
've
100%
waited
100%
waste
100%
way
100%
what
100%
What
100%
when
100%
who
100%
whole
100%
with
100%
worrying
100%
worrying)
100%
worrying,
100%
Would
100%
woulndn't
100%
write
100%
Yeah
100%
yeah
100%
"You
100%
you
100%
You
100%
again
50%
eight
50%
felt
50%
like
50%
o'clock
50%
pressed
50%
"Send"
50%
waiting
50%
were
50%
0's
0%
1's
0%
Binary
0%
code,
0%
text
0%
Until
0%
No matching quizzes found
Score Distribution
Percent of People with Each Score
Percentile by Number Answered
Your Score History
You have not taken this quiz